000 00752nam a22001937a 4500
005 20240725172459.0
010 _aHIN-128046
020 _c400.00
_a9789389625738
035 _aHN-100392
037 _bDBAD
082 _a894.81
100 _aज्योति
_968925
245 _aकलश/
_cज्योति
260 _aदिल्ली
_bमोनिका प्रकाशन
_c2020
270 _a600/5-A, आदर्श मोहल्ला, गली नं.-15, मौजपुर
_b दिल्ली
_e110053
_k9891985727
_mpushpenderkumar163@gmail.com
300 _a95पृ.
_c22सेमी. (सजिल्द)
650 _aहिन्दी
_968926
942 _2ddc
_cHN
_h894.81
_mज्योति
999 _c204459
_d204459